000 00656nam a2200217 a 4500
001 62584
003 BD-RjUL
005 20211209081112.0
008 170124s1985 bg ||||| b||| 00| 0 eng d
035 _a(BD-RjUL)62710
040 _aBD-RjUL
_beng
_cBD-RjUL
041 _aeng
082 _223
_a332.710954924
_bHAR 1985
100 1 _aHaq, M. Fazlul
_9186062
245 1 0 _aRural credit in Ullahpara /
_cM. Fazlul Haq
260 _aBogra, Bangladesh :
_bRural Development Academy,
_c1985
300 _a43 p. :
_bill. ;
_c21 cm.
504 _aIncludes bibliographical references.
650 _aRural credit
_zUllahpara (Bangladesh)
_9186063
942 _2ddc
_cBK
999 _c62584
_d62584